| Поле | Название | Значение |
| |
Тип записи |
a |
| |
Библиографический уровень |
m |
| 001 |
Контрольный номер |
fdaa06eefd504512a8a23daef5add9e6 |
| 005 |
Дата корректировки |
20150706134834.7 |
| 010 |
Индекс ISBN |
__ |
| a |
ISBN |
978-5-394-02414-6 |
| 101 |
Язык документа |
0_ |
| a |
Язык текста |
rus |
| 102 |
Страна публикации |
__ |
| a |
Страна публикации |
RU |
| 200 |
Заглавие и сведения об ответственности |
1_ |
| a |
Заглавие |
Менеджмент |
| b |
Общее обозначение материала |
Текст |
| e |
Сведения, относящиеся к заглавию |
учебник |
| f |
Первые сведения об ответственности |
Е.Л. Маслова |
| 210 |
Выходные данные |
1_ |
| a |
Место издания |
Москва |
| c |
Издательство |
Дашков и К |
| d |
Дата издания |
2015 |
| 215 |
Физическое описание |
__ |
| a |
Объем |
332 с. |
| 225 |
Серия |
2_ |
| a |
Серия |
Учебные издания для бакалавров |
| 610 |
Ключевые слова |
0_ |
| a |
Ключевые слова |
Менеджмент |
| 610 |
Ключевые слова |
0_ |
| a |
Ключевые слова |
организационная культура |
| 610 |
Ключевые слова |
0_ |
| a |
Ключевые слова |
организационное поведение |
| 610 |
Ключевые слова |
0_ |
| a |
Ключевые слова |
лидерство |
| 686 |
Индексы других классификаций |
__ |
| a |
Классификационный индекс |
65.050.9(2)2я73 |
| 700 |
Автор |
_1 |
| a |
Фамилия |
Маслова |
| b |
Имя |
Е. Л. |
| g |
Полное личное имя |
Елена Лорандовна |
| 801 |
Источник записи |
_0 |
| a |
Страна |
RU |
| b |
Организация |
РУК |
| c |
Дата составления |
20150706 |
| g |
Правила каталогизации |
PSBO |
| 801 |
Источник записи |
_1 |
| a |
Страна |
RU |
| b |
Организация |
РУК |
| g |
Правила каталогизации |
PSBO |
| 852 |
Данные о местонахождении |
__ |
| i |
Авторский знак |
М 31 |
| j |
Шифр хранения |
ББК 65.050 |
| 901 |
Тип документа |
__ |
| t |
Тип документа |
m |
| 912 |
Принадлежность преподавателя к РУК |
__ |
| a |
Принадлежность преподавателя к РУК |
преподаватель Головного вуза |
| 937 |
Технологическая информация |
__ |
| a |
Создатель записи (имя) |
Золотухина |
| 938 |
Служебная информация |
__ |
| a |
Название организации |
Головной вуз |
| 952 |
Тип литературы |
__ |
| b |
Гриф литературы для ВШ |
гриф |
| c |
Вид литературы |
учебник |